00387nam a22001457a 4500003000500000005001700005008004100022040000900063082001400072100001800086245003800104260004700142300001400189650003800203CEME20210628205108.0210120b xxu||||| |||| 00| 0 eng d cceme a552.1 BES aBest, Myron G aIgneous and metamorphic petrology aRAWALPINDIbNATIONAL BOOK FOUNDATIONc2007 aXVI,617 P aIGNEOUS AND METAMORPHIC PETROLOGY